Open Data Biblioteca Nacional de Portugal


República Portuguesa: Ministério da Cultura
Biblioteca Nacional de Portugal

Catálogo da BNP: acesso por Identificadores Unívocos
Registos Bibliográficos associados ao registo de autoridade

Etiqueta de registo: 00230nam 2200025 450
001 1771684
003 http://id.bnportugal.gov.pt/bib/catbnp/1771684
100 ## $a20110216d2009 k y0pory0103 ba
101 0# $apor
102 ## $aPT
105 ## $ay m 000yy
106 ## $ar
200 1# $aConsiderações acerca das aproximações alegóricas entre direito e arte$ena tentativa de uma conexão de autoria juridicamente compromissada$fBrisa Paim Duarte
210 #9 $aCoimbra$c[s.n.],$d2009
215 ## $a148 f.$d30 cm
215 ## $a1 disco óptico (CD-ROM) em caixa$d13 x 14 x 1 cm
305 ## $aEd. impressa e em CD-ROM
320 ## $aContém bibliografia
328 #1 $aTese mestr. Direito, Fac. de Direito, Univ. de Coimbra, 2009
675 ## $a340.11(043)$vBN$zpor$31300747
700 #1 $aDuarte,$bBrisa Paim$31451936
801 #0 $aPT$bBN$gRPC
966 ## $lBN$mDEM$sS.C. 39796 P.$x1
966 ## $lBN$mFGMON$sS.C. 125833 V.$x1

Etiqueta de registo: 00254nam 2200025 450
001 2284201
003 http://id.bnportugal.gov.pt/bib/catbnp/2284201
100 ## $a20260413d2025 k y0pory01030103ba
101 0# $apor$deng
102 ## $aPT
105 ## $ay m 001yy
106 ## $ar
200 1# $aPhrónésis versus poíésis?$e os problemas da autonomia prático-cultural e da realização prático-prudencial do direito sob a lente jusestética$fBrisa Paim Duarte$gorient. José Manuel Aroso Linhares
210 #9 $aCoimbra$c[s.n.],$d2025
215 ## $a3 v.$cil.$d30 cm
328 #1 $aTese dout. Direito, Ciências Jurídico-Folosóficas, Faculdade de Direito da Universidade de Coimbra, 2025
700 #1 $aDuarte,$bBrisa Paim$31451936
702 #1 $aLinhares,$bJosé Manuel Aroso,$f1956-$4727$3526199
801 #0 $aPT$bBN$gRPC
966 ## $b001$dVol. 1$lBN$mFGMON$x1
966 ## $b001$dVol. 2$lBN$mFGMON$x1
966 ## $b001$dVol. 3$lBN$mFGMON$x1
971 ## $cisantos$d20260413

OpendataBNP@bnportugal.pt | Mais informação sobre acesso aos dados BNP